00793nam a2200205 a 4500008004100000020001500041050001500056100001800071245010200089260004200191300001900233650001500252650002600267650001600293700001500309700002100324995009400345999001700439952013100456130415s2002 ||||||||||||||||| || u a1902796330 aBF 121 Psy aStenner, Paul10aPsychology in focus: a 2 levelcedited and written by Mike Haralambos and David Rice (and others) aOrmskirk, LancsbCauseway Pressc2002 av, 576p.: ill. 3aPSYCHOLOGY aBEHAVIORAL PSYCHOLOGY aBEHAVIORISM aRice David aHaralambos, Mike FCBU-MAIN LIBRARY (Kitwe)M1UAVAILABLEWJun 13, 2013ZMain Library Open Access Collection c55227d55227 00102lcc4070a001b001cMain Library Open Access Collectiond2022-11-30l0oBF 121 Psyp743916r2022-11-30w2022-11-30y002